00989nam a2200265 a 4500001001000000003000500010005001700015008004100032010001100073011001100084020001800095040000900113082002600122245024700148260002400395300003200419490005800451650005400509650001800563650001400581700002000595700001900615700003100634830005800665000110252CHAP20220329144124.0140806s2013 it dj |r| ||||||eng d a106714 a107686 a9789251080719 cCHAP04a636.08bF3y.Dir. V.1514aThe feed analysis laboratory; establishment and quality control :bsetting Up a feed analysis laboratory, and implementing a quality Assurance System Compliant With ISO/IEC 17025:2005 /cpor L.H. De Jonge, F.S. Jackson y Harinder P.S. Makkar. aRoma :bFAO,c2013. aix, 89 p. :bdiagrs., tabs.1 aFAO. Producción y sanidad animal. Directricesv; 1514aAlimentos y alimentación del ganadoxAnálisis14aLaboratorios.14aNegocios.1 aDe Jonge, L. H.1 aJackson, F. S.1 aMakkar, Harinder P.S.eed. 0aFAO. Producción y sanidad animal. Directricesv; 15